000 00406nam a2200157Ia 4500
008 210716s2005 xx 000 0 und d
020 _a8174464468
041 _aeng
082 _a658.4012 SRID
100 _aSrivastava, Dinesh K.
245 _aStrategies for performance management.
250 _a1
260 _aNew Delhi
_bExcel Books
_c2005
300 _axiii,235
650 _aStrategic Management
999 _c199456
_d199456